[Event "Hannover Ihme Cup"]
[Site "Hannover"]
[Date "2017.04.28"]
[Round "1.12"]
[White "Celik, Abdullah1111"]
[Black "Richter, Thilo"]
[Result "1-0"]
[WhiteElo "2042"]
[BlackElo "1587"]
[PlyCount "97"]
[EventDate "2017.04.28"]
[EventType "swiss"]
[EventRounds "5"]
[EventCountry "GER"]
[SourceTitle "EXT 2022"]
[Source "ChessBase"]
[SourceDate "2021.10.06"]
[SourceVersion "1"]
[SourceVersionDate "2021.10.06"]
[SourceQuality "1"]

1. e4 c5 2. Nf3 Nc6 3. Bb5 a6 4. Bxc6 bxc6 5. 0-0 d6 6. d3 Bg4 7. h3 Bh5 8. Nbd2 e6 9. Re1 Be7 10. Nf1 Nf6 11. Ng3 Bg6 12. e5 Nd5 13. Ne4 dxe5 14. Nxe5 Qc7 15. Nxg6 hxg6 16. Be3 Nxe3 17. Rxe3 Rd8 18. Qe1 Qb6 19. Qc3 Rd4 20. Nd2 Qb4 21. a3 Qb5 22. Nb3 Rf4 23. Rb1 Rf5 24. Re4 Bh4 25. Re2 Bf6 26. Qc4 Rd5 27. Re4 Bd4 28. Nxd4 Qxc4 29. dxc4 Rxd4 30. Rxd4 cxd4 31. b4 Ke7 32. Kf1 e5 33. Ke2 Ke6 34. Kd3 Rd8 35. a4 f5 36. f3 Rd7 37. b5 axb5 38. cxb5 cxb5 39. Rxb5 Rd6 40. a5 Ra6 41. c3 dxc3 42. Kxc3 Kd6 43. Kc4 Rc6+ 44. Kb4 g5 45. Rb6 g4 46. hxg4 e4 47. Rxc6+ Kxc6 48. Kc4 e3 49. Kd3 1-0